000 00499nmm a2200157Ia 4500
008 251105s9999||||xx |||||||||||||||||und||
020 _a9789560101778
041 _aspa
100 _aMattos, Carlos A. de
245 0 _aRevolución urbana : Estado, mercado y capital en América Latina
264 _a[Santiago de Chile, Chile] :
_bRil editores,
_c2015
300 _a320 páginas
650 _aPolitical Science (General)
856 _uhttps://public.digitaliapublishing.com/a/39373
942 _cCF
999 _c93683
_d93683